Kant and the question of theology (Record no. 48561)
[ view plain ]
| 000 -LEADER | |
|---|---|
| fixed length control field | 00788nam a2200205 a 4500 |
| 008 - FIXED-LENGTH DATA ELEMENTS--GENERAL INFORMATION | |
| fixed length control field | 200724s2017 ||||||||||||||||| || u |
| 020 ## - INTERNATIONAL STANDARD BOOK NUMBER | |
| International Standard Book Number | 9781107116818 |
| 050 ## - LIBRARY OF CONGRESS CALL NUMBER | |
| Classification number | B 2799 .R4 Kan |
| 100 ## - MAIN ENTRY--PERSONAL NAME | |
| Personal name | Firestone, Chris L |
| 245 10 - TITLE STATEMENT | |
| Title | Kant and the question of theology |
| Statement of responsibility, etc. | Edited by Chris L. Firestone; Nathan A. Jacobs; James H. Joiner |
| 260 ## - PUBLICATION, DISTRIBUTION, ETC. | |
| Place of publication, distribution, etc. | Cambridge |
| Name of publisher, distributor, etc. | Cambridge University Press |
| Date of publication, distribution, etc. | 2017 |
| 300 ## - PHYSICAL DESCRIPTION | |
| Extent | x, 260 pages |
| 650 ## - SUBJECT ADDED ENTRY--TOPICAL TERM | |
| Topical term or geographic name entry element | RELIGION--PHILOSOPHY |
| 650 ## - SUBJECT ADDED ENTRY--TOPICAL TERM | |
| Topical term or geographic name entry element | PHILOSOPHICAL THEOLOGY |
| 650 ## - SUBJECT ADDED ENTRY--TOPICAL TERM | |
| Topical term or geographic name entry element | THEOLOGY |
| 650 #0 - SUBJECT ADDED ENTRY--TOPICAL TERM | |
| Topical term or geographic name entry element | KANT, IMMANUEL, 1724-1804 |
| 700 ## - ADDED ENTRY--PERSONAL NAME | |
| Personal name | Jacobs, Nathan A |
| 700 ## - ADDED ENTRY--PERSONAL NAME | |
| Personal name | Joiner, James H |
| 995 ## - RECOMMENDATION 995 [LOCAL, UNIMARC FRANCE] | |
| -- | 122.14 |
| -- | CBU-MAIN LIBRARY (Kitwe) |
| -- | 1 |
| -- | AVAILABLE |
| -- | Jul 28, 2020 |
| -- | Main Library Open Access Collection |
| Withdrawn status | Lost status | Source of classification or shelving scheme | Damaged status | Not for loan | Home library | Current library | Shelving location | Date acquired | Total Checkouts | Full call number | Barcode | Date last seen | Price effective from | Koha item type |
|---|---|---|---|---|---|---|---|---|---|---|---|---|---|---|
| CBU-MAIN LIBRARY, KITWE. | CBU-MAIN LIBRARY, KITWE. | 11/30/2022 | B 2799 .R4 Kan | 750437 | 11/30/2022 | 11/30/2022 | MONOGRAPH |